| 000 | 00825nam a2200265 i 4500 | ||
|---|---|---|---|
| 001 | 200446572 | ||
| 003 | TR-AnTOB | ||
| 005 | 20240710104945.0 | ||
| 007 | ta | ||
| 008 | 220118s1970 tu 000 0 tur d | ||
| 040 |
_aTR-AnTOB _beng _erda _cTR-AnTOB |
||
| 041 | 0 | _atur | |
| 050 | 1 | 4 |
_aQA76 _b.D48 1970 |
| 090 |
_aTOBBK QA76 _b.D48 1970 |
||
| 110 |
_aDevlet Planlama Teşkilatı (Türkiye). _bMüsteşarlık _976974 |
||
| 245 | 1 | 0 |
_aElektronik bilgi işlem etüdü / _cDevlet Planlama Teşkilatı Müsteşarlığı. |
| 264 | 1 |
_aAnkara : _bDPT, _c1970. |
|
| 300 |
_a2 volumes : _c30 cm |
||
| 336 |
_atext _btxt _2rdacontent |
||
| 337 |
_aunmediated _bn _2rdamedia |
||
| 338 |
_avolume _bnc _2rdacarrier |
||
| 650 | 7 |
_aElektronik bilgi işlem _2etuturkob _912036 |
|
| 942 |
_2z _cBK |
||
| 999 |
_c200446572 _d64784 |
||
| 999 | _aCB 18.01.2022 GU 26.05.2022 | ||